[Event "Oberliga Ost B 2016 2017"]
[Site "Germany"]
[Date "2017.01.15"]
[Round "5.8"]
[White "Wohlfart, Paulus"]
[Black "Oparaugo, Thomas"]
[Result "1-0"]
[WhiteElo "2111"]
[BlackElo "2088"]
[PlyCount "77"]
[EventDate "2016.10.16"]
[EventType "team-tourn"]
[EventCountry "GER"]
[WhiteTeam "Moerlenbach Birkenau Freibauer"]
[BlackTeam "Oberursel SV"]
[WhiteTeamCountry "GER"]
[BlackTeamCountry "GER"]

1. d4 Nf6 2. c4 c6 3. Nf3 d5 4. e3 Bf5 5. Nc3 e6 6. Nh4 Bg4 7. Qb3 Qb6 8. c5
Qxb3 9. axb3 Nbd7 10. f3 Bh5 11. g4 Bg6 12. Nxg6 hxg6 13. Bg2 Be7 14. b4 O-O
15. O-O a6 16. h3 e5 17. Bd2 Nh7 18. Be1 Bf6 19. Bf2 Rfe8 20. f4 exd4 21. exd4
Nhf8 22. g5 Bd8 23. b5 Bc7 24. Bxd5 cxd5 25. Nxd5 Ne6 26. bxa6 bxa6 27. Rfe1
Nxf4 28. Nxc7 Rxe1+ 29. Rxe1 Ra7 30. Bg3 Nxh3+ 31. Kg2 Nxg5 32. c6 Nf6 33. d5
Rxc7 34. Bxc7 Nxd5 35. Re8+ Kh7 36. Bd6 Ne6 37. Ra8 Ndc7 38. Bxc7 Nxc7 39. Ra7
1-0

[Event "Oberliga Ost B 2016 2017"]
[Site "Germany"]
[Date "2017.02.18"]
[Round "6.1"]
[White "Strache, Michael"]
[Black "Teske, Henrik"]
[Result "1/2-1/2"]
[WhiteElo "2310"]
[BlackElo "2487"]
[PlyCount "22"]
[EventDate "2016.10.16"]
[EventType "team-tourn"]
[EventCountry "GER"]
[WhiteTeam "Sangerhausen SV"]
[BlackTeam "Erfurt SV Empor"]
[WhiteTeamCountry "GER"]
[BlackTeamCountry "GER"]

1. e4 c5 2. Nf3 d6 3. d4 Nf6 4. Nc3 cxd4 5. Nxd4 Nc6 6. Be2 g6 7. Be3 Bg7 8.
Nb3 Be6 9. f4 a5 10. a3 O-O 11. Qd2 Qc8 1/2-1/2

[Event "Oberliga Ost B 2016 2017"]
[Site "Germany"]
[Date "2017.02.18"]
[Round "6.2"]
[White "Langheinrich, Ferenc"]
[Black "Heyder, Florian"]
[Result "1/2-1/2"]
[WhiteElo "2381"]
[BlackElo "2161"]
[PlyCount "67"]
[EventDate "2016.10.16"]
[EventType "team-tourn"]
[EventCountry "GER"]
[WhiteTeam "Erfurt SV Empor"]
[BlackTeam "Sangerhausen SV"]
[WhiteTeamCountry "GER"]
[BlackTeamCountry "GER"]

1. Nf3 f5 2. d3 Nf6 3. Bg5 d5 4. Bxf6 exf6 5. d4 c6 6. Nbd2 Na6 7. c4 Be6 8.
cxd5 Bxd5 9. e3 Nc7 10. Bc4 Bxc4 11. Nxc4 Bb4+ 12. Ke2 Nd5 13. Qb3 Qd7 14. a3
Be7 15. Rac1 O-O 16. Rhd1 Kh8 17. Kf1 Rfe8 18. Na5 Rab8 19. Qd3 Bd6 20. Nb3 g6
21. Nbd2 Re7 22. Nb1 Rbe8 23. Nc3 f4 24. e4 Nxc3 25. Qxc3 Rxe4 26. d5 c5 27.
Qxf6+ Kg8 28. Ng5 R4e5 29. Ne6 b6 30. b4 Rf5 31. Qc3 cxb4 32. axb4 f3 33. g4
Rf7 34. h3 1/2-1/2

[Event "Oberliga Ost B 2016 2017"]
[Site "Germany"]
[Date "2017.02.18"]
[Round "6.3"]
[White "Guenther, Christian"]
[Black "Friedrich, Wiede"]
[Result "0-1"]
[WhiteElo "2161"]
[BlackElo "2302"]
[PlyCount "60"]
[EventDate "2016.10.16"]
[EventType "team-tourn"]
[EventCountry "GER"]
[WhiteTeam "Sangerhausen SV"]
[BlackTeam "Erfurt SV Empor"]
[WhiteTeamCountry "GER"]
[BlackTeamCountry "GER"]

1. d4 Nf6 2. c4 g6 3. Nc3 Bg7 4. e4 d6 5. f4 O-O 6. Nf3 Na6 7. Be2 e5 8. fxe5
dxe5 9. d5 Nc5 10. Qc2 Nfxe4 11. Nxe4 Bf5 12. Bd3 Bxe4 13. Bxe4 f5 14. Bxf5
Rxf5 15. Be3 e4 16. Bxc5 exf3 17. O-O c6 18. Rad1 cxd5 19. Rxf3 Rxf3 20. Rxd5
Rf5 21. Rxd8+ Rxd8 22. Bxa7 Ra8 23. g4 Rf4 24. Bf2 Rxa2 25. Bg3 Rxg4 26. Qe2 h5
27. Qe6+ Kh7 28. b3 Rd4 29. Qe1 Rd7 30. Be5 Bxe5 0-1

[Event "Oberliga Ost B 2016 2017"]
[Site "Germany"]
[Date "2017.02.18"]
[Round "6.4"]
[White "Michalowski, Peter"]
[Black "Richter, Dustin"]
[Result "1/2-1/2"]
[WhiteElo "2058"]
[BlackElo "2130"]
[PlyCount "131"]
[EventDate "2016.10.16"]
[EventType "team-tourn"]
[EventCountry "GER"]
[WhiteTeam "Erfurt SV Empor"]
[BlackTeam "Sangerhausen SV"]
[WhiteTeamCountry "GER"]
[BlackTeamCountry "GER"]

1. e4 c5 2. Nf3 e6 3. g3 Nc6 4. Bg2 a6 5. O-O g6 6. d4 cxd4 7. Nxd4 Qc7 8. Nc3
Bg7 9. Nb3 Nge7 10. f4 d6 11. Be3 O-O 12. Qd2 b5 13. a3 Rd8 14. Rad1 d5 15. Qf2
Rb8 16. e5 Nf5 17. Bc5 Bf8 18. Bxf8 Rxf8 19. g4 Nfe7 20. Qh4 b4 21. Ne2 bxa3
22. bxa3 Qb6+ 23. Kh1 Qe3 24. Ned4 Nxd4 25. Nxd4 Qxa3 26. Rd3 Qc5 27. Rh3 h5
28. gxh5 Re8 29. hxg6 Nxg6 30. Qh7+ Kf8 31. Nf3 Qxc2 32. Qh6+ Ke7 33. Nd4 Qc5
34. Qg5+ Kd7 35. Nb3 Qc4 36. Rc1 Rxb3 37. Rxc4 Rb1+ 38. Bf1 dxc4 39. Kg2 Bb7+
40. Kf2 Rb2+ 41. Ke1 Bd5 42. Rh7 Re7 43. Qg3 Rb3 44. Qg1 Kc6 45. Qd4 Reb7 46.
Bxc4 Rb1+ 47. Kf2 R7b4 48. Bxd5+ exd5 49. Qc3+ Rc4 50. Qa3 Rc2+ 51. Kg3 Rg1+
52. Kf3 Rf1+ 53. Ke3 d4+ 54. Kxd4 Rxf4+ 55. Ke3 Rcf2 56. Qxa6+ Kd5 57. Qd6+ Kc4
58. Qc6+ Kb4 59. Rh3 Rf1 60. Qb6+ Kc4 61. Qc6+ Kb4 62. Qb6+ Kc4 63. Ke2 Nxe5
64. Qb3+ Kd4 65. Qe3+ Kd5 66. Qb3+ 1/2-1/2

[Event "Oberliga Ost B 2016 2017"]
[Site "Germany"]
[Date "2017.02.18"]
[Round "6.5"]
[White "Hellwig, Tobias"]
[Black "Weishaeutel, Moritz"]
[Result "0-1"]
[WhiteElo "2182"]
[BlackElo "1879"]
[PlyCount "77"]
[EventDate "2016.10.16"]
[EventType "team-tourn"]
[EventCountry "GER"]
[WhiteTeam "Sangerhausen SV"]
[BlackTeam "Erfurt SV Empor"]
[WhiteTeamCountry "GER"]
[BlackTeamCountry "GER"]

1. d4 d5 2. c4 e6 3. Nc3 Nf6 4. Nf3 Be7 5. Bg5 Nbd7 6. e3 O-O 7. cxd5 exd5 8.
Bd3 c6 9. O-O Re8 10. Qc2 Nf8 11. Ne5 N6d7 12. Bf4 Nxe5 13. dxe5 h6 14. Bg3 Bh4
15. Bxh4 Qxh4 16. f4 Qe7 17. Rf3 Qc5 18. Qe2 Ne6 19. Bc2 d4 20. Ne4 Qb6 21. Nd6
Rd8 22. Bb3 dxe3 23. Rxe3 Nd4 24. Qf2 Be6 25. Bxe6 fxe6 26. Re4 c5 27. Rc1 Rd7
28. b3 Rf8 29. Qe3 Rc7 30. Qd3 Rc6 31. Qc4 Qa6 32. Qxa6 Rxa6 33. Rxc5 Rxf4 34.
Rxf4 Ne2+ 35. Kf2 Nxf4 36. Kf3 Ng6 37. Nxb7 Rxa2 38. Nd8 Ra6 39. Nc6 0-1

[Event "Oberliga Ost B 2016 2017"]
[Site "Germany"]
[Date "2017.02.18"]
[Round "6.6"]
[White "Schmuck, Helmut"]
[Black "Hillmann, Michael"]
[Result "1/2-1/2"]
[WhiteElo "2143"]
[BlackElo "2162"]
[PlyCount "42"]
[EventDate "2016.10.16"]
[EventType "team-tourn"]
[EventCountry "GER"]
[WhiteTeam "Erfurt SV Empor"]
[BlackTeam "Sangerhausen SV"]
[WhiteTeamCountry "GER"]
[BlackTeamCountry "GER"]

1. d4 d5 2. Nf3 Nf6 3. c4 c6 4. Nc3 a6 5. a4 e6 6. Bg5 Be7 7. e3 a5 8. Be2 O-O
9. O-O Na6 10. Ne5 Nd7 11. Bxe7 Qxe7 12. Nxd7 Bxd7 13. Qb3 Qb4 14. Qxb4 Nxb4
15. b3 Rad8 16. Na2 Nxa2 17. Rxa2 Rfe8 18. f4 f6 19. Bf3 Bc8 20. Rd1 f5 21. Rb2
Kf7 1/2-1/2

[Event "Oberliga Ost B 2016 2017"]
[Site "Germany"]
[Date "2017.02.18"]
[Round "6.7"]
[White "Buerckner, Georg"]
[Black "Rudnizki, Sergej"]
[Result "1/2-1/2"]
[WhiteElo "2052"]
[BlackElo "2148"]
[PlyCount "30"]
[EventDate "2016.10.16"]
[EventType "team-tourn"]
[EventCountry "GER"]
[WhiteTeam "Sangerhausen SV"]
[BlackTeam "Erfurt SV Empor"]
[WhiteTeamCountry "GER"]
[BlackTeamCountry "GER"]

1. e4 e5 2. Nf3 Nc6 3. Bc4 Be7 4. O-O Nf6 5. d3 O-O 6. Nbd2 a6 7. c3 d6 8. Bb3
h6 9. Re1 Nh7 10. Nf1 Ng5 11. Ne3 Be6 12. Bc2 Bf6 13. Nxg5 Bxg5 14. d4 Ne7 15.
Nf5 Ng6 1/2-1/2

[Event "Oberliga Ost B 2016 2017"]
[Site "Germany"]
[Date "2017.02.18"]
[Round "6.8"]
[White "Pichl, Michael"]
[Black "Korte, Mario"]
[Result "1/2-1/2"]
[WhiteElo "2055"]
[BlackElo "1979"]
[PlyCount "93"]
[EventDate "2016.10.16"]
[EventType "team-tourn"]
[EventCountry "GER"]
[WhiteTeam "Erfurt SV Empor"]
[BlackTeam "Sangerhausen SV"]
[WhiteTeamCountry "GER"]
[BlackTeamCountry "GER"]

1. g3 d5 2. Bg2 Nf6 3. Nf3 c5 4. O-O e6 5. d3 Nc6 6. Nbd2 Be7 7. e4 b6 8. Re1
Bb7 9. a3 O-O 10. e5 Nd7 11. Nf1 Re8 12. h4 f6 13. exf6 Bxf6 14. c3 Nf8 15.
N1h2 Qc7 16. Ng4 Be7 17. Bf4 Bd6 18. Bxd6 Qxd6 19. Nge5 Nd7 20. d4 Ncxe5 21.
Nxe5 Nxe5 22. Rxe5 Rad8 23. Qe2 Re7 24. Re1 Rde8 25. Bh3 Bc8 26. Qe3 c4 27. Bg4
Bd7 28. Bd1 b5 29. Bc2 Rf8 30. Qg5 Ref7 31. R1e2 Rf6 32. Qg4 a5 33. f4 R8f7 34.
Rf2 b4 35. axb4 axb4 36. Qe2 Rf8 37. Rh5 h6 38. Re5 Ra8 39. g4 Raf8 40. Qe3 b3
41. Bb1 Ra8 42. g5 Rff8 43. gxh6 gxh6 44. Kh2 Rf6 45. Qg3+ Kh8 46. Rg2 Qf8 47.
Rf2 1/2-1/2

[Event "Oberliga Ost B 2016 2017"]
[Site "Germany"]
[Date "2017.02.18"]
[Round "6.1"]
[White "Rafiee, Makan"]
[Black "Wehner, Janis"]
[Result "1/2-1/2"]
[WhiteElo "2318"]
[BlackElo "2210"]
[PlyCount "75"]
[EventDate "2016.10.16"]
[EventType "team-tourn"]
[EventCountry "GER"]
[WhiteTeam "Kasseler SK"]
[BlackTeam "Erfurt SV Medizin"]
[WhiteTeamCountry "GER"]
[BlackTeamCountry "GER"]

1. e4 c5 2. Nf3 Nc6 3. d4 cxd4 4. Nxd4 Nf6 5. Nc3 d6 6. Bc4 e6 7. Be3 Be7 8.
Bb3 Bd7 9. Qe2 Nxd4 10. Bxd4 Bc6 11. O-O-O Qa5 12. f4 O-O 13. g4 d5 14. Bxf6
Bxf6 15. exd5 exd5 16. Nxd5 Bxd5 17. Rxd5 Qb4 18. Qd2 Qxd2+ 19. Rxd2 Rad8 20.
Bd5 g5 21. f5 Be5 22. Rd3 b6 23. c4 Rfe8 24. h4 Bf4+ 25. Kd1 h6 26. h5 Kf8 27.
b4 Bd6 28. a3 a5 29. Bc6 Bxb4 30. Rd5 Rxd5+ 31. cxd5 Bxa3 32. Bxe8 Kxe8 33. Kc2
Bc5 34. Kd3 Kd7 35. Kc4 a4 36. Re1 a3 37. Re2 Bd6 38. f6 1/2-1/2

[Event "Oberliga Ost B 2016 2017"]
[Site "Germany"]
[Date "2017.02.18"]
[Round "6.2"]
[White "Nguyen, Huy Dat"]
[Black "Hahn, Markus"]
[Result "1/2-1/2"]
[WhiteElo "2174"]
[BlackElo "2333"]
[PlyCount "97"]
[EventDate "2016.10.16"]
[EventType "team-tourn"]
[EventCountry "GER"]
[WhiteTeam "Erfurt SV Medizin"]
[BlackTeam "Kasseler SK"]
[WhiteTeamCountry "GER"]
[BlackTeamCountry "GER"]

1. e4 c5 2. Nc3 e6 3. Nf3 a6 4. g3 b5 5. Bg2 Bb7 6. d3 Nc6 7. O-O d6 8. Re1 Qc7
9. d4 cxd4 10. Nxd4 Be7 11. Be3 Nf6 12. Nxc6 Bxc6 13. Qd4 O-O 14. Rad1 Rac8 15.
h3 Qb7 16. a3 h6 17. Bc1 Rfe8 18. Kh2 Qa8 19. Qd3 Bb7 20. Nb1 Rc7 21. c3 Rc4
22. Nd2 Rcc8 23. Nb3 Qb8 24. Nd4 Qc7 25. Nc2 Rcd8 26. Qd4 Ba8 27. Nb4 Bb7 28.
Nc2 Rc8 29. Qd3 Ba8 30. Nb4 Bb7 31. Nc2 Nd7 32. Qe2 Qb8 33. Nd4 Bf8 34. Bh1 Qa8
35. Nb3 Qb8 36. Nd4 Nf6 37. Qd3 Rcd8 38. Bg2 Qa8 39. Nb3 Qc8 40. Na5 Ba8 41.
Qd4 e5 42. Qd3 d5 43. exd5 Bxd5 44. Bxd5 Rxd5 45. Qe2 Qc7 46. Rxd5 Nxd5 47. Nb3
Nb6 48. Nd2 Qc6 49. Nf3 1/2-1/2

[Event "Oberliga Ost B 2016 2017"]
[Site "Germany"]
[Date "2017.02.18"]
[Round "6.3"]
[White "Humburg, Philipp"]
[Black "Kirschbaum, Gunnar"]
[Result "0-1"]
[WhiteElo "2212"]
[BlackElo "2141"]
[PlyCount "112"]
[EventDate "2016.10.16"]
[EventType "team-tourn"]
[EventCountry "GER"]
[WhiteTeam "Kasseler SK"]
[BlackTeam "Erfurt SV Medizin"]
[WhiteTeamCountry "GER"]
[BlackTeamCountry "GER"]

1. d4 Nf6 2. c4 g6 3. Nc3 Bg7 4. e4 d6 5. Be2 O-O 6. Be3 Na6 7. g4 c5 8. d5 Nc7
9. g5 Nd7 10. h4 b5 11. cxb5 a6 12. bxa6 Bxa6 13. Nf3 Qb8 14. Qc2 Bxe2 15. Kxe2
Qb6 16. Rhb1 Nb5 17. Kf1 Nd4 18. Qd1 f5 19. gxf6 Bxf6 20. Ng5 Bxg5 21. hxg5 Ne5
22. Kg2 Rf3 23. b4 Qa7 24. bxc5 dxc5 25. Qa4 Qxa4 26. Nxa4 Rxa4 27. Rb8+ Rf8
28. Rab1 Rxb8 29. Rxb8+ Kf7 30. Rh8 Rxa2 31. Rxh7+ Ke8 32. Rh1 Ng4 33. Bxd4
cxd4 34. Kf3 Nxf2 35. Rf1 Nd3 36. Rd1 Ra3 37. Rb1 Nc5+ 38. Kf4 Re3 39. Rd1
Rxe4+ 40. Kf3 Kd7 41. Rc1 Kd6 42. Rc4 Kxd5 43. Rxc5+ Kxc5 44. Kxe4 Kc4 45. Ke5
d3 46. Ke6 d2 47. Kxe7 d1=Q 48. Kf6 Qd3 49. Kg7 Qf5 50. Kh6 Kd5 51. Kg7 Qxg5
52. Kf7 Qf5+ 53. Kg8 Qd7 54. Kf8 Ke6 55. Kg8 Kf6 56. Kh8 Qg7# 0-1

[Event "Oberliga Ost B 2016 2017"]
[Site "Germany"]
[Date "2017.02.18"]
[Round "6.4"]
[White "Reichel, Norbert"]
[Black "Kersten, Uwe"]
[Result "0-1"]
[WhiteElo "2131"]
[BlackElo "2253"]
[PlyCount "108"]
[EventDate "2016.10.16"]
[EventType "team-tourn"]
[EventCountry "GER"]
[WhiteTeam "Erfurt SV Medizin"]
[BlackTeam "Kasseler SK"]
[WhiteTeamCountry "GER"]
[BlackTeamCountry "GER"]

1. d4 Nf6 2. Nf3 e6 3. c4 c5 4. d5 exd5 5. cxd5 d6 6. e4 g6 7. Nc3 a6 8. a4 Bg4
9. h3 Bxf3 10. Qxf3 Bg7 11. Bd3 O-O 12. O-O Nbd7 13. Bf4 Qe7 14. Qe2 Rab8 15.
a5 Ne8 16. Qd2 Nc7 17. Na4 Rfe8 18. Rfe1 Be5 19. Bg5 Bf6 20. Bf4 Bd4 21. Rab1
b5 22. axb6 Nxb6 23. b3 Nd7 24. Bg5 Bf6 25. Bf4 Rb4 26. Bc4 Nb5 27. Qc1 Bd4 28.
Bg5 Qe5 29. Bd2 Qf6 30. Re2 Ne5 31. Bxb4 cxb4 32. Bxb5 axb5 33. Nb2 Ra8 34. Nd1
Nd3 35. Qd2 Nf4 36. Re1 Qg5 37. Ne3 Nxg2 38. Kh1 Bxe3 39. Rxe3 Nxe3 40. Qxe3
Qxe3 41. fxe3 Ra2 42. Rc1 Rb2 43. e5 dxe5 44. Rd1 Kf8 45. d6 Ke8 46. Rd5 Kd7
47. Rxb5 Rxb3 48. e4 Rxh3+ 49. Kg2 Rd3 50. Rxb4 Kxd6 51. Rb6+ Ke7 52. Rb5 Ke6
53. Rb6+ Rd6 54. Rb7 Kf6 0-1

[Event "Oberliga Ost B 2016 2017"]
[Site "Germany"]
[Date "2017.02.18"]
[Round "6.5"]
[White "Kearns, Christopher"]
[Black "Mueller Ludwig, Kristin"]
[Result "1-0"]
[WhiteElo "2180"]
[BlackElo "2078"]
[PlyCount "79"]
[EventDate "2016.10.16"]
[EventType "team-tourn"]
[EventCountry "GER"]
[WhiteTeam "Kasseler SK"]
[BlackTeam "Erfurt SV Medizin"]
[WhiteTeamCountry "GER"]
[BlackTeamCountry "GER"]

1. e4 e6 2. d4 d5 3. e5 c5 4. c3 Nc6 5. Nf3 Qb6 6. Bd3 Nh6 7. O-O cxd4 8. cxd4
Nf5 9. Nc3 Nfxd4 10. Nxd4 Qxd4 11. Be3 Qh4 12. Rc1 Be7 13. f4 Bb4 14. Nb5 Qd8
15. Nd4 Nxd4 16. Bxd4 O-O 17. Rf3 g6 18. g4 b6 19. Kg2 Bb7 20. Kg3 Qe7 21. f5
Rfc8 22. f6 Qf8 23. h4 Bc5 24. Rf4 Rc7 25. b4 Bxd4 26. Rxc7 Bxe5 27. Rxb7 Qxb4
28. Qc1 Qd4 29. Be2 h6 30. g5 h5 31. Rc7 Bxc7 32. Qxc7 Qe3+ 33. Bf3 e5 34. Ra4
e4 35. Rxa7 Qxf3+ 36. Kh2 Rxa7 37. Qb8+ Kh7 38. Qxa7 Qf4+ 39. Kg2 Qg4+ 40. Kf1
1-0

[Event "Oberliga Ost B 2016 2017"]
[Site "Germany"]
[Date "2017.02.18"]
[Round "6.6"]
[White "Jakob, Matthias"]
[Black "Aslan, Benjamin"]
[Result "0-1"]
[WhiteElo "2068"]
[BlackElo "2170"]
[PlyCount "112"]
[EventDate "2016.10.16"]
[EventType "team-tourn"]
[EventCountry "GER"]
[WhiteTeam "Erfurt SV Medizin"]
[BlackTeam "Kasseler SK"]
[WhiteTeamCountry "GER"]
[BlackTeamCountry "GER"]

1. d4 e6 2. Nf3 Nf6 3. e3 c5 4. Bd3 Be7 5. Nbd2 b6 6. b3 Bb7 7. Bb2 Nc6 8. a3
O-O 9. O-O Rc8 10. Re1 d5 11. Ne5 a5 12. f4 a4 13. Qf3 Na5 14. Qh3 axb3 15.
dxc5 Ne4 16. c6 Nxc6 17. Nxe4 dxe4 18. Bxe4 f5 19. Nxc6 Bxc6 20. Bxc6 Rxc6 21.
cxb3 Rc2 22. Bd4 Bf6 23. Rad1 Qa8 24. e4 Bxd4+ 25. Rxd4 Qxa3 26. exf5 exf5 27.
Qe3 Qb2 28. Rd8 Rxg2+ 29. Kf1 Qf2+ 30. Qxf2 Rxf2+ 31. Kxf2 Rxd8 32. Re6 Rd2+
33. Ke3 Rxh2 34. Rxb6 h5 35. Rb5 g6 36. Rb7 h4 37. Kf3 Rb2 38. Rb8+ Kf7 39.
Rb7+ Ke6 40. Rb6+ Kd5 41. Rxg6 Rxb3+ 42. Kf2 Ke4 43. Rh6 Rb2+ 44. Kg1 Kxf4 45.
Kh1 Kf3 46. Rh8 f4 47. Rg8 Ke3 48. Re8+ Kf2 49. Kh2 f3 50. Re4 Kf1+ 51. Kh1 f2
52. Re7 h3 53. Re6 Re2 54. Ra6 Ke1 55. Ra1+ Kd2 56. Ra2+ Kd3 0-1

[Event "Oberliga Ost B 2016 2017"]
[Site "Germany"]
[Date "2017.02.18"]
[Round "6.7"]
[White "Warnecke, Tobias"]
[Black "Zeuner, Ulrich"]
[Result "1-0"]
[WhiteElo "2146"]
[BlackElo "2073"]
[PlyCount "63"]
[EventDate "2016.10.16"]
[EventType "team-tourn"]
[EventCountry "GER"]
[WhiteTeam "Kasseler SK"]
[BlackTeam "Erfurt SV Medizin"]
[WhiteTeamCountry "GER"]
[BlackTeamCountry "GER"]

1. e4 e5 2. Nf3 Nc6 3. Bb5 a6 4. Bxc6 dxc6 5. O-O f6 6. d4 exd4 7. Nxd4 Qd6 8.
Be3 Bd7 9. c3 Nh6 10. Bxh6 gxh6 11. Qh5+ Kd8 12. Rd1 Qe5 13. Qh4 Bd6 14. f4 Qe7
15. Nd2 Rg8 16. Qf2 Rg4 17. e5 fxe5 18. fxe5 Qxe5 19. N2f3 Qh5 20. c4 b6 21. b4
Kc8 22. Rab1 c5 23. Nb3 Bc6 24. Kh1 Kb7 25. Na5+ bxa5 26. bxc5+ Kc8 27. cxd6
Rg6 28. dxc7 Bxf3 29. gxf3 Kxc7 30. Qe3 Qg5 31. Qf2 Rag8 32. Qa7+ 1-0

[Event "Oberliga Ost B 2016 2017"]
[Site "Germany"]
[Date "2017.02.18"]
[Round "6.8"]
[White "Nguyen, Ha Thanh"]
[Black "Luechtemeier, Peter"]
[Result "0-1"]
[WhiteElo "1704"]
[BlackElo "2190"]
[PlyCount "118"]
[EventDate "2016.10.16"]
[EventType "team-tourn"]
[EventCountry "GER"]
[WhiteTeam "Erfurt SV Medizin"]
[BlackTeam "Kasseler SK"]
[WhiteTeamCountry "GER"]
[BlackTeamCountry "GER"]

1. e4 c6 2. d4 d5 3. Nc3 dxe4 4. Nxe4 Bf5 5. Ng3 Bg6 6. Nf3 Nf6 7. Bc4 e6 8.
O-O Bd6 9. c3 Nbd7 10. Bb3 O-O 11. Qe2 c5 12. Rd1 Qc7 13. Be3 Rfd8 14. Rac1
Rac8 15. Bc2 c4 16. Bg5 Qa5 17. a3 Re8 18. Bxg6 hxg6 19. Ne4 Bb8 20. Nxf6+ gxf6
21. Bh4 Qh5 22. Bg3 Bxg3 23. fxg3 e5 24. Qc2 e4 25. Ne1 Nb6 26. Qf2 Nd5 27. Nc2
Qg5 28. Re1 Kg7 29. Ne3 Nxe3 30. Rxe3 Qd5 31. Rce1 Re6 32. R1e2 Rce8 33. Qe1 b5
34. Qb1 f5 35. Re1 a5 36. Qc2 b4 37. axb4 axb4 38. Ra1 b3 39. Qc1 Ra8 40. Rxa8
Qxa8 41. Qd2 Qd5 42. Qf2 Ra6 43. Re1 Ra2 44. Qd2 Qa5 45. Qe2 Ra1 46. Rxa1 Qxa1+
47. Kf2 Qc1 48. h3 Kf6 49. h4 Kg7 50. d5 Qc2 51. d6 Kf6 52. Ke1 Qd3 53. Qd2
Qxg3+ 54. Kd1 Qd3 55. d7 Ke7 56. d8=Q+ Kxd8 57. Ke1 Qxd2+ 58. Kxd2 f4 59. Ke2
Kd7 0-1

[Event "Oberliga Ost B 2016 2017"]
[Site "Germany"]
[Date "2017.02.18"]
[Round "6.1"]
[White "Dubiel, Jacek"]
[Black "De Visser, Leon"]
[Result "1-0"]
[WhiteElo "2423"]
[BlackElo "2258"]
[PlyCount "105"]
[EventDate "2016.10.16"]
[EventType "team-tourn"]
[EventCountry "GER"]
[WhiteTeam "Oberursel SV"]
[BlackTeam "Frankfurt SC Brett vorm Kopp"]
[WhiteTeamCountry "GER"]
[BlackTeamCountry "GER"]

1. e4 c6 2. d4 d5 3. e5 c5 4. dxc5 Nc6 5. Bb5 e6 6. Be3 Nge7 7. c3 Bd7 8. Bxc6
Nxc6 9. f4 Be7 10. Nf3 O-O 11. O-O f6 12. exf6 Rxf6 13. b4 a5 14. b5 Na7 15. a4
Qc8 16. Qd4 Bxb5 17. axb5 Nxb5 18. Qd3 Bxc5 19. Kh1 Bxe3 20. Qxe3 Qc4 21. Nfd2
Qc7 22. Nb3 a4 23. Qc5 Qxc5 24. Nxc5 a3 25. Nd7 Rf7 26. Ne5 Rc7 27. Ra2 Nxc3
28. Rxa3 Rxa3 29. Nxa3 b5 30. Nd3 Kf7 31. Nc2 Kf6 32. Re1 Rc4 33. Ncb4 Kf5 34.
Re5+ Kf6 35. g3 Ne4 36. Kg2 g5 37. Kf3 gxf4 38. gxf4 Nd6 39. Rh5 Kg6 40. Rg5+
Kf6 41. Rh5 Kg6 42. Rg5+ Kf6 43. Rg8 Nf5 44. Rb8 Re4 45. Rb7 h5 46. Nc2 Rc4 47.
Ne3 Rc3 48. Ke2 Nd4+ 49. Kd2 Ra3 50. Ne5 Nb3+ 51. Ke1 Ra1+ 52. Kf2 Ra2+ 53. Kg3
1-0

[Event "Oberliga Ost B 2016 2017"]
[Site "Germany"]
[Date "2017.02.18"]
[Round "6.2"]
[White "Holvason, Juri"]
[Black "Margolin, Boris"]
[Result "1/2-1/2"]
[WhiteElo "2231"]
[BlackElo "2391"]
[PlyCount "109"]
[EventDate "2016.10.16"]
[EventType "team-tourn"]
[EventCountry "GER"]
[WhiteTeam "Frankfurt SC Brett vorm Kopp"]
[BlackTeam "Oberursel SV"]
[WhiteTeamCountry "GER"]
[BlackTeamCountry "GER"]

1. Nc3 d5 2. e4 d4 3. Nce2 c5 4. d3 Nc6 5. f4 g6 6. Nf3 Bg7 7. g3 Nf6 8. Bg2
O-O 9. O-O e5 10. c3 Qb6 11. Kh1 Ng4 12. h3 Ne3 13. Bxe3 dxe3 14. Qc1 Rd8 15.
Qxe3 Qxb2 16. fxe5 Nxe5 17. Nxe5 Bxe5 18. Rab1 Qxa2 19. d4 Bg7 20. e5 Rb8 21.
Ra1 Qb3 22. Rfb1 cxd4 23. Qg5 Qxb1+ 24. Rxb1 Bf5 25. Rd1 Bxe5 26. cxd4 Bg7 27.
g4 Bd7 28. Nf4 Ba4 29. Rd2 b6 30. d5 f6 31. Qh4 g5 32. Qf2 gxf4 33. Qxf4 Be8
34. Re2 Rbc8 35. Re7 Bf7 36. g5 f5 37. d6 Rc5 38. Re1 a5 39. h4 Rc4 40. Qg3 Rg4
41. Qh2 Rd4 42. h5 R4xd6 43. h6 Bc3 44. Rg1 Rd4 45. Bf3 Rd3 46. Qc7 Re8 47. g6
hxg6 48. Rxg6+ Bxg6 49. Qc4+ Kh7 50. Qxd3 Bb4 51. Qd4 Kxh6 52. Qh4+ Kg7 53.
Qd4+ Kh6 54. Qh4+ Kg7 55. Qd4+ 1/2-1/2

[Event "Oberliga Ost B 2016 2017"]
[Site "Germany"]
[Date "2017.02.18"]
[Round "6.3"]
[White "Michaelsen, Nils"]
[Black "Koch, Markus"]
[Result "1-0"]
[WhiteElo "2396"]
[BlackElo "2168"]
[PlyCount "79"]
[EventDate "2016.10.16"]
[EventType "team-tourn"]
[EventCountry "GER"]
[WhiteTeam "Oberursel SV"]
[BlackTeam "Frankfurt SC Brett vorm Kopp"]
[WhiteTeamCountry "GER"]
[BlackTeamCountry "GER"]

1. d4 Nf6 2. c4 e6 3. Nc3 Bb4 4. Qc2 d5 5. a3 Bxc3+ 6. Qxc3 O-O 7. e3 b6 8. Nf3
Ba6 9. b4 c5 10. dxc5 Ne4 11. Qc2 bxc5 12. Bd3 Qc7 13. b5 Bb7 14. O-O Nd7 15.
Bb2 f5 16. a4 Rae8 17. Rac1 Qd6 18. Ba1 Qe7 19. Ne5 Nef6 20. f3 Nxe5 21. Bxe5
Nd7 22. Ba1 Qg5 23. Qe2 f4 24. exf4 Qxf4 25. a5 d4 26. Rce1 e5 27. Bb2 Qh4 28.
Ba3 Qd8 29. a6 Ba8 30. Qc2 g6 31. Be4 Rf7 32. Bc1 Bxe4 33. Rxe4 Rf5 34. Rg4 Kf7
35. Re1 Qf6 36. h4 Qd6 37. Bg5 h5 38. Rge4 Nf8 39. f4 Ne6 40. Rxe5 1-0

[Event "Oberliga Ost B 2016 2017"]
[Site "Germany"]
[Date "2017.02.18"]
[Round "6.5"]
[White "Schlamp, Robert"]
[Black "Karabalis, Harilos"]
[Result "1-0"]
[WhiteElo "2263"]
[BlackElo "2262"]
[PlyCount "83"]
[EventDate "2016.10.16"]
[EventType "team-tourn"]
[EventCountry "GER"]
[WhiteTeam "Oberursel SV"]
[BlackTeam "Frankfurt SC Brett vorm Kopp"]
[WhiteTeamCountry "GER"]
[BlackTeamCountry "GER"]

1. d4 Nf6 2. c4 g6 3. Nc3 Bg7 4. e4 d6 5. h3 O-O 6. Be3 e5 7. d5 c6 8. Bd3 a6
9. Nge2 cxd5 10. cxd5 Nbd7 11. g4 b5 12. Ng3 Nc5 13. Bc2 b4 14. Na4 Nfd7 15.
Qd2 a5 16. O-O Ba6 17. Rfc1 Rc8 18. Nxc5 Nxc5 19. Bd1 Qd7 20. a3 Qb7 21. axb4
axb4 22. Ra5 Nd7 23. Rca1 Ra8 24. Ba4 Nb8 25. Bb5 Bf6 26. Qxb4 Bd8 27. R5a4 Bc7
28. Bf1 Qc8 29. Bxa6 Rxa6 30. Rxa6 Nxa6 31. Qc4 Nb8 32. Rc1 Na6 33. Qc6 Qa8 34.
b4 Rb8 35. Qxa8 Rxa8 36. b5 Nc5 37. Bxc5 dxc5 38. Rxc5 Bb6 39. Rc6 Ra1+ 40. Kg2
Bd4 41. Ne2 Rb1 42. d6 1-0

[Event "Oberliga Ost B 2016 2017"]
[Site "Germany"]
[Date "2017.02.18"]
[Round "6.6"]
[White "Wege, Jochen"]
[Black "Haubt, Georg"]
[Result "1/2-1/2"]
[WhiteElo "2295"]
[BlackElo "2161"]
[PlyCount "83"]
[EventDate "2016.10.16"]
[EventType "team-tourn"]
[EventCountry "GER"]
[WhiteTeam "Frankfurt SC Brett vorm Kopp"]
[BlackTeam "Oberursel SV"]
[WhiteTeamCountry "GER"]
[BlackTeamCountry "GER"]

1. e4 d5 2. exd5 Qxd5 3. Nc3 Qd6 4. d4 Nf6 5. Nf3 a6 6. Ne5 Nc6 7. Nxc6 Qxc6 8.
Be2 Bf5 9. O-O e6 10. Bf3 Qb6 11. Na4 Qa7 12. c4 Rd8 13. Be3 c5 14. Nxc5 Bxc5
15. Qa4+ b5 16. cxb5 Bb6 17. bxa6+ Nd7 18. Qa3 f6 19. b4 O-O 20. b5 e5 21. dxe5
Nxe5 22. Bxb6 Qxb6 23. Qb3+ Be6 24. Qb4 Rd4 25. Qc3 Rd3 26. Qb4 Nxf3+ 27. gxf3
Rxf3 28. a4 Rf5 29. h4 Rc8 30. Qe7 Re5 31. Rac1 Qd4 32. Qb7 Qg4+ 33. Qg2 Qxa4
34. Rxc8+ Bxc8 35. Rc1 Bd7 36. b6 Qxa6 37. b7 Rb5 38. Rc7 Qa1+ 39. Kh2 Qe5+ 40.
Qg3 Qxg3+ 41. Kxg3 Rb3+ 42. Kf4 1/2-1/2